000 00850nmc a2200289 a 4500
003 AR-BaBNM
005 20251128203916.0
008 011101s1992 ||||||||||||||000 | spa||
020 _a950-581-671-5
040 _cAR-BaBNM
100 1 _aRanea Sandoval, Héctor F.
245 1 0 _aLos cazadores de la unificación perdida
260 _aBuenos Aires
_bColihue
_c1992
300 0 _a114 p.
_bil.
490 0 _aSin careta. Ciencia para los que se sienten jóvenes
500 0 _aContiene índice general de las materias
500 0 _aBiografía del autor
650 4 _aENSENANZA DE LA CIENCIA
650 4 _aFISICA
650 4 _aDEMOSTRACIONES PEDAGOGICAS
650 4 _aOBSERVACION
650 4 _aMATERIAL DIDACTICO
800 1 _aBilmes, Gabriel M.
_edirector
800 1 _aTignanelli, Horacio L.
_edirector
942 _cBK
998 _claura
999 _c5433
_d5433